| 000 | 00633nam a2200205 a 4500 | ||
|---|---|---|---|
| 005 | 20221020063417.0 | ||
| 008 | 020828s1997 mx r 000 0 spa d | ||
| 020 | _a8477384967 | ||
| 035 | _aUPN01000118699 | ||
| 049 | _aCG | ||
| 050 | 4 |
_aHF5827 _bB4.4 |
|
| 100 | 1 | _aBenavides Delgado, Juan | |
| 245 | 1 | 0 |
_aLenguaje publicitario : _bhacia un estudio del lenguaje en los medios / _cJuan Benavides Delgado. |
| 260 |
_aMadrid : _bSíntesis, _c1997. |
||
| 300 |
_a365 p. : _bil. |
||
| 440 | 0 |
_aCiencias de la información ; _v2. _pPublicidad y relaciones públicas |
|
| 650 | 2 |
_aPublicidad _95809 |
|
| 902 | _aBDV/cav | ||
| 905 | _aLibro | ||
| 999 |
_c91065 _d91065 |
||